Diccionario de derecho comercial/ (Registro nro. 9821)

Detalles MARC
000 -LEADER
fixed length control field 01119nam a2200181Ia 4500
005 - FECHA Y HORA DE LA ÚLTIMA TRANSACCIÓN
control field 20231016090558.0
008 - FIXED-LENGTH DATA ELEMENTS--GENERAL INFORMATION
fixed length control field 231015s9999 xx 000 0 und d
040 ## - CATALOGING SOURCE
Original cataloging agency UPAN
Transcribing agency Biblioteca San Vicente
Description conventions RCAA2
041 ## - LANGUAGE CODE
Language code of text/sound track or separate title spa
082 ## - DEWEY DECIMAL CLASSIFICATION NUMBER
Classification number 346.070 3
Item number V354d
año de publicación 2000
100 ## - MAIN ENTRY--PERSONAL NAME
Personal name Valletta, Laura
Relator code aut.
245 #0 - TITLE STATEMENT
Title Diccionario de derecho comercial/
Statement of responsibility, etc Laura Valleta
260 ## - PUBLICATION, DISTRIBUTION, ETC. (IMPRINT)
Place of publication, distribution, etc Argentina:
Name of publisher, distributor, etc Valletta,
Date of publication, distribution, etc 2000
300 ## - PHYSICAL DESCRIPTION
Extent 458 p.;
Dimensions 26 cm.
505 ## - FORMATTED CONTENTS NOTE
Formatted contents note Todo el derecho comercial contenido en un diccionario ameno, sencillo y claro. A través de sus 6500 términos y expresiones y 450 paginas nos permiten matizar y perfeccionar la interpretación y el análisis de las normas juridicas y la realidad comercial. Derecho, empresa, comercio y economía están íntimamente vinculados entre si, no pueden ser abordados en forma aislada. El encuadre jurídico moderno es de vital importancia para el mundo profesional, empresarial y estudiantil. Por su enorme utilidad y sus variedades terminológicas modernas, es una obra altamente recomendable.
650 ## - SUBJECT ADDED ENTRY--TOPICAL TERM
Source of heading or term LEMB
Form subdivision Diccionario
General subdivision Derecho comerciales
942 ## - ADDED ENTRY ELEMENTS (KOHA)
Koha item type Libros
Source of classification or shelving scheme Dewey Decimal Classification
Existencias
Withdrawn status Lost status Source of classification or shelving scheme Damaged status Not for loan Collection code Home library Current library Date acquired Total Checkouts Full call number Barcode Date last seen Copy number Price effective from Koha item type
    Dewey Decimal Classification     Referencia Biblioteca UPAN San Vicente Biblioteca UPAN San Vicente 15/10/2023   346.070 3 V354d 12002197 15/10/2023 01 15/10/2023 Referencia